[Event "16th IND-chT Women 2018"]
[Site "Patia"]
[Date "2018.02.08"]
[Round "1"]
[White "Tania, Sachdev"]
[Black "Advaita Sharma K"]
[Result "1-0"]
[WhiteElo "2402"]
[BlackElo "1302"]
[Annotator "TA"]
[PlyCount "75"]
[EventDate "2018.??.??"]
[EventType "team-tourn"]
[EventCountry "IND"]
[SourceTitle "playchess.com"]
[Source "ChessBase"]
[SourceQuality "1"]

{[%evp 21,75,22,54,52,65,56,48,49,43,37,82,90,116,110,243,215,202,213,278,167,223,241,222,266,240,265,245,239,433,392,414,409,575,570,1369,740,914,895,913,845,1990,1893,2342,2203,2383,2383,29983,29984,29985,29986,29986,29987,29987,29988,29989,29989]} 1. d4 Nf6 2. c4 e6 3. Nf3 Bb4+ 4. Nbd2 O-O 5. a3 Bxd2+ 6. Qxd2 d6 7. g3 b6 8. Bg2 Bb7 9. O-O Nbd7 10. b4 Qe7 11. Bb2 c5 12. Rfd1 {E11: Bogo-Indian} Rac8 13. dxc5 dxc5 14. b5 {White is slightly better.} Rfd8 15. Qc3 $146 ({Predecessor:} 15. Qc2 a5 16. bxa6 Bxa6 17. a4 Bb7 18. Qb3 e5 19. Nh4 Bxg2 20. Nxg2 {1-0 (63) Peng,Z (2419)-Socko,M (2473) Heraklio 2007}) 15... Qf8 16. a4 Ne4 17. Qc2 Ndf6 {[#]} (17... Nef6 $16 {was worth a try.}) 18. Ng5 $1 $18 {[%cal Rg5e4][%mdl 512]} Nxg5 19. Bxb7 Rb8 20. Bg2 {Strongly threatening h4.} h6 (20... h5 $142 21. e4 Rxd1+ 22. Rxd1 Rd8) 21. Be5 Rxd1+ 22. Rxd1 Rd8 23. h4 $1 Ngh7 24. Bc6 $1 Qe7 $2 {[#]} (24... Ng4) 25. Rxd8+ $1 Qxd8 {[#]} 26. Qd3 $1 {[%cal Rd3d8]} Qc8 (26... Qf8 $142 27. a5 Ng4) 27. Qd6 a6 28. Qc7 Qxc7 29. Bxc7 axb5 30. cxb5 Nd5 31. Bxd5 exd5 32. Bxb6 {[%mdl 4096] Endgame KB-KN} c4 33. a5 Nf6 34. a6 {White mates.} Nd7 35. Bd4 c3 36. a7 c2 37. a8=Q+ Kh7 38. Qc6 {Precision: White = 88%, Black = 31%.} 1-0

[Event "16th IND-chT Women 2018"]
[Site "Patia"]
[Date "2018.02.08"]
[Round "1"]
[White "Gomes, Mary Ann"]
[Black "Tiwari Aradhana"]
[Result "1-0"]
[WhiteElo "2329"]
[BlackElo "1502"]
[Annotator "TA"]
[PlyCount "31"]
[EventDate "2018.??.??"]
[EventType "team-tourn"]
[EventCountry "IND"]
[SourceTitle "playchess.com"]
[Source "ChessBase"]
[SourceQuality "1"]

{[%evp 10,31,64,61,66,64,70,66,90,71,94,106,210,183,204,191,201,201,186,195,206,198,1509,1505]} 1. Nf3 d6 2. d4 Nd7 3. c4 Ngf6 4. Nc3 e5 5. e4 c6 6. Be2 {LiveBook: 1734 Partien} a5 {A55: Altindisch} (6... g6 7. O-O Bg7 8. Re1 O-O 9. Bf1 h6 10. Rb1 Nh7 11. dxe5 dxe5 12. b4 a5 13. b5 Qe7 14. Na4 Rd8 15. Qb3 Nhf8 16. Ba3 Qf6 17. bxc6 bxc6 18. Nb6 {0-1 (35) Wojtaszek,R (2727)-Movsesian,S (2653) Huaian 2016}) 7. O-O Qc7 $146 ({Vorgänger:} 7... Be7 8. Be3 O-O 9. Qc2 Re8 10. Rad1 Qc7 11. Rfe1 a4 12. Bf1 Qa5 13. h3 exd4 14. Nxd4 {1-0 (50) Stojanovic,M (2503)-Bulajic,R (2331) Kac 2016}) 8. h3 g6 {Weiß steht etwas besser.} 9. b3 Bg7 10. Ba3 {[%cal Bc1a3,Ba3d6,Bd6e5][%mdl 32]} b6 (10... O-O $16) 11. dxe5 $18 dxe5 12. Bd6 Qa7 13. Nxe5 Nxe5 14. Bxe5 {Droht Dd4 und aus.} O-O {[#]} 15. Qd4 $1 Rd8 $2 (15... c5 16. Qd3 Qd7) 16. Qxd8+ 1-0

[Event "16th IND-chT Women 2018"]
[Site "Patia"]
[Date "2018.02.08"]
[Round "1"]
[White "Mohota, Nisha"]
[Black "Jaiswal Ayushi"]
[Result "1-0"]
[WhiteElo "2256"]
[BlackElo "1175"]
[Annotator "TA"]
[PlyCount "81"]
[EventDate "2018.??.??"]
[EventType "team-tourn"]
[EventCountry "IND"]
[SourceTitle "playchess.com"]
[Source "ChessBase"]
[SourceQuality "1"]

{[%evp 17,81,42,56,23,73,46,51,15,10,13,12,17,62,45,140,143,176,166,170,180,229,197,394,393,416,410,400,384,451,395,480,475,583,573,689,684,1044,876,892,899,879,873,870,846,828,692,921,910,893,885,862,841,5598,5598,5265,5081,5506,5259,5643,5639,5631,5627,5293,5148,6195,6187]} 1. Nf3 d5 2. d4 Nc6 3. g3 Bf5 4. Bg2 e6 5. O-O h6 (5... Nb4 6. Na3 h6 7. c3 Nc6 8. b3 Nf6 9. Bb2 Be7 10. Nc2 Be4 11. Ne3 O-O 12. Re1 a5 13. a4 Bd6 14. Bf1 {0-1 (41) Saric,I (2669)-Van Foreest,J (2629) Riadh 2017}) 6. c4 {D02: 1 d4 d5 2 Nf3 sidelines, including 2...Nf6 3 g3 and 2...Nf6 3 Bf4} Nf6 7. Nc3 Be7 8. Ne5 O-O 9. cxd5 exd5 {LiveBook: 3 Games} 10. Be3 $146 ({Predecessor:} 10. Bf4 Be6 11. Rc1 Nh5 12. Nxc6 bxc6 {½-½ (71) Hausrath,D (2528)-Miladinovic,I (2547) Ohrid 2009}) 10... Bb4 11. Nxc6 bxc6 12. Qa4 Bxc3 13. bxc3 Qd7 14. c4 Be6 15. Rac1 Ng4 (15... Rab8 $14) 16. cxd5 $16 cxd5 17. Qxd7 Bxd7 18. Bxd5 Rac8 19. Bb7 Nxe3 $2 (19... Rce8 {keeps fighting.} 20. Rxc7 Nxe3) 20. Bxc8 $18 ({Less strong is} 20. fxe3 Rce8 $18) 20... Nxf1 21. Bxd7 {[%mdl 4096] Endgame KRB-KRN} Nd2 22. Rxc7 a5 23. f3 Rb8 24. d5 {[%cal Bd4d5,Bd5d6,Bd6d7][%mdl 32] White is clearly winning.} Rb1+ 25. Kf2 {[#] Intending Rc8+ and mate.} Rb6 26. Rc6 Rb7 27. Bc8 Rb5 28. d6 Kf8 {[#]} 29. Bf5 $1 {[%cal Rc6c8][%mdl 512]} Rb8 (29... Rxf5 30. Rc8#) 30. d7 {Threatening mate with Rc8+.} Rd8 31. Ke1 g6 32. Rc8 Ke7 33. Rxd8 Kxd8 34. Bd3 Nxf3+ 35. exf3 Kxd7 {KB-KP} 36. Kd2 Kd6 37. Kc3 Kc5 38. Bc4 f6 39. Bf7 g5 40. Bc4 f5 41. f4 {Precision: White = 77%, Black = 24%.} 1-0

[Event "16th IND-chT Women 2018"]
[Site "Patia"]
[Date "2018.02.08"]
[Round "1"]
[White "Meenakshi Subbaraman"]
[Black "Chaitanya, V.."]
[Result "1-0"]
[WhiteElo "2193"]
[BlackElo "1813"]
[Annotator "TA"]
[PlyCount "39"]
[EventDate "2018.??.??"]
[EventType "team-tourn"]
[EventCountry "IND"]
[SourceTitle "playchess.com"]
[Source "ChessBase"]
[SourceQuality "1"]

{[%evp 16,38,33,15,40,37,52,58,63,42,49,47,117,117,173,-8,7,4,68,70,1290,1287,29990,29991,29999]} 1. d4 f5 2. c4 Nf6 3. Nf3 g6 4. g3 Bg7 5. Bg2 d6 6. Nc3 O-O 7. O-O Qe8 8. d5 {[%cal Bd4d5,Bd5e6][%mdl 32]} Na6 9. Nd4 {LiveBook: 322 Games} Nh5 {A87: Dutch Defence: Leningrad System: 5 Nf3} (9... Nc5 10. b3 Bd7 11. Bb2 c6 12. Rb1 a5 13. Ba3 Nfe4 14. Nxe4 Nxe4 15. Bb2 cxd5 16. cxd5 a4 17. Ne6 Bxb2 18. Rxb2 Bxe6 19. dxe6 {½-½ (43) Svidler,P (2769)-Nakamura,H (2775) Stavanger 2013}) 10. e3 $146 {[%cal Be2e3,Be3e4][%mdl 32]} ({Predecessor:} 10. h3 h6 11. Bf3 Nf6 12. Bg2 g5 13. e3 Qg6 14. Qc2 Ne4 15. Nxf5 Bxf5 16. Bxe4 Bxc3 17. Bxf5 Qxf5 18. Qxf5 Rxf5 19. bxc3 {1-0 (51) Rueger,E-Kersten,U Germany 1988}) 10... e5 11. dxe6 $1 c6 $1 {White is slightly better.} 12. e4 {[#] And now exf5 would win.} f4 $1 13. g4 Bxd4 (13... Nf6 $14) 14. Qxd4 $16 f3 (14... Ng7 $16 {was worth a try.}) 15. Bh3 $2 ({Not} 15. Qxd6 fxg2 16. Kxg2 Ng7 $17) (15. gxh5 $18 fxg2 16. Rd1 Bxe6 17. Bh6 (17. Kxg2 Qf7 $14)) 15... Bxe6 16. Bh6 Qe7 (16... Rf7 $11) 17. Rfd1 $1 $40 {[%mdl 128] White attacks.} ({Of course not} 17. Bxf8 $6 Rxf8 18. Rfd1 Nf4 $11) 17... Qh4 $2 {[%mdl 8192]} (17... Rf7 $14) 18. gxh5 $18 {[%csl Gh6][%cal Rd4g7] [#]} Rf7 19. Bxe6 {[%csl Gh6][%cal Rd4g7]} Qxh5 20. Qg7# {Precision: White = 60%, Black = 12%.} 1-0

[Event "16th IND-chT Women 2018"]
[Site "Patia"]
[Date "2018.02.08"]
[Round "1"]
[White "Shweta Priyadarshini"]
[Black "Karavade, Eesha"]
[Result "0-1"]
[WhiteElo "1600"]
[BlackElo "2386"]
[Annotator "TA"]
[PlyCount "46"]
[EventDate "2018.??.??"]
[EventType "team-tourn"]
[EventCountry "IND"]
[SourceTitle "playchess.com"]
[Source "ChessBase"]
[SourceQuality "1"]

{[%evp 13,46,14,15,-14,-14,-37,-33,-92,-78,-108,-95,-106,-113,-116,-91,-121,-102,-146,-134,-132,-108,-113,-100,-108,-92,-118,-118,-114,0,-142,-146,-139,-139,-243,-180]} 1. e4 c5 2. Nf3 d6 3. d4 cxd4 4. Nxd4 Nf6 5. Nc3 a6 6. Be3 e5 7. Nf3 Qc7 {LiveBook: 776 Games} 8. Qd2 {B90: Sicilian Najdorf: Unusual White 6th moves, 6 Be3 Ng4 and 6 Be3 e5} (8. Be2 Be7 9. a4 O-O 10. O-O Be6 11. a5 Nbd7 12. Ng5 Bc4 13. Re1 Rfc8 14. Ra4 Bxe2 15. Qxe2 Qc6 16. Rd1 Bd8 17. Nf3 b5 18. axb6 Bxb6 {½-½ (31) Swiercz,D (2649)-Mareco,S (2648) Saint Louis 2017}) 8... Be7 9. Bg5 Nbd7 10. O-O-O ({White should try} 10. Bd3 $15) 10... b5 11. Bxf6 Nxf6 12. Nd5 Nxd5 13. exd5 $146 ({Predecessor:} 13. Qxd5 Bb7 14. Qd3 O-O 15. h4 Rac8 {0-1 (27) Fonseca,L (1993)-Muniz,R (2252) Rio de Janeiro 2017}) 13... Qc5 14. h3 Bf5 15. c3 Rc8 16. Qe3 Qxe3+ 17. fxe3 Rc5 18. Nd2 Bg5 19. Re1 Rxd5 20. g4 Bd3 (20... Bh4 $17 21. Bg2 Rxd2 22. Kxd2 Bxe1+ 23. Rxe1 Bd7) 21. Nf3 (21. Bxd3 $11 Rxd3 22. Ne4) 21... Be4 $17 {Black is clearly better.} 22. Bg2 Be7 23. Rhf1 (23. Rhg1 $17) 23... h5 {Precision: White = 34%, Black = 64%.} 0-1

[Event "16th IND-chT Women 2018"]
[Site "Patia"]
[Date "2018.02.08"]
[Round "1"]
[White "Mishra Riya"]
[Black "Padmini, Rout"]
[Result "0-1"]
[WhiteElo "1430"]
[BlackElo "2325"]
[Annotator "TA"]
[PlyCount "100"]
[EventDate "2018.??.??"]
[EventType "team-tourn"]
[EventCountry "IND"]
[SourceTitle "playchess.com"]
[Source "ChessBase"]
[SourceQuality "1"]

{[%evp 15,100,11,20,-8,5,0,0,0,0,-1,0,0,3,-51,-47,-52,-27,-20,-23,-23,-21,-25,-18,-38,-37,-43,-40,-50,-49,-50,-37,-57,-53,-54,-55,-55,-55,-54,-53,-62,-58,-71,-64,-91,-91,-93,-82,-175,-177,-164,-176,-147,-105,-149,-98,-218,-209,-190,-189,-194,-183,-167,-183,-177,-164,-143,-105,-212,-216,-221,-208,-195,-88,-261,-245,-374,-262,-506,-506,-777,-461,-5081,-1545,-29990,-29991,-29997,-29998]} 1. e4 c5 2. Nf3 e6 3. d4 cxd4 4. Nxd4 Nc6 5. Nc3 Qc7 6. Be2 a6 7. O-O Nf6 8. Be3 Be7 {LiveBook: 1576 Games} 9. h3 {B49: Sicilian: Taimanov: 5 Nc3 Qc7 6 Be3 a6 7 Be2} (9. f4 d6 10. Kh1 O-O 11. Qe1 Nxd4 12. Bxd4 b5 13. Qg3 Bb7 14. a3 Bc6 15. Rae1 Rad8 16. Bf3 Ne8 17. Qf2 Rc8 18. Rd1 Bf6 19. Rfe1 Bxd4 20. Qxd4 Rd8 21. e5 Bxf3 22. gxf3 d5 23. f5 Qc4 {1-0 (62) Kravtsiv,M (2672)-Harikrishna,P (2744) Riadh 2017}) 9... O-O 10. f4 d6 {[%cal Bd7d6,Bd6e5][%mdl 32]} 11. Bf3 {The position is equal.} Rd8 $146 ({Find the theoretical novelty and annotate with similar games:} 11... Bd7 12. Qe1 b5 13. Rd1 Rac8 14. Qg3 Kh8 15. Kh1 b4 16. Nce2 a5 17. Rd2 a4 {½-½ (17) Toropov,P (2140)-Gubajdullin,A (2441) Kazan 2008}) 12. Qe1 Nxd4 13. Bxd4 e5 14. fxe5 (14. Be3 $11) 14... dxe5 $15 15. Bf2 Bc5 16. Bxc5 Qxc5+ 17. Qf2 Qxf2+ 18. Rxf2 Be6 19. Rd1 Rxd1+ 20. Bxd1 Rd8 21. Bf3 Kf8 22. Kf1 Ke7 23. Ke1 b5 24. a3 h5 25. Rd2 Rc8 26. h4 $1 g6 27. g3 Rc7 28. Ke2 a5 {[%cal Ba6a5,Ba5b4][%mdl 32]} 29. Ke3 b4 30. axb4 axb4 31. Ne2 {[#]} (31. Nd1 $17) 31... Ne8 $1 $19 32. b3 Nd6 33. Kf2 f5 34. Ke3 Rc5 (34... fxe4 $142 35. Bxe4 Nxe4 36. Kxe4 Rc5) 35. Nc1 (35. exf5 $17 Bxf5 36. c4) 35... Rc3+ ({Don't play} 35... Nxe4 36. Bxe4 fxe4 37. Na2 $17) 36. Nd3 fxe4 37. Bxe4 Bf5 38. Bxf5 gxf5 {[%mdl 4096] Endgame KRN-KRN} 39. Ke2 Ne4 40. Nxb4 {Nd5+ is the strong threat.} Rxg3 41. Rd3 (41. Rd5 $17 {only move.}) 41... Rg2+ 42. Kf1 Rf2+ 43. Kg1 {[#]} Ke6 (43... Re2 $1 $19 {and Black stays clearly on top.} 44. Re3 Rxe3 45. Nd5+ Ke6 46. Nxe3 Nc3) 44. Re3 $2 (44. Rd8 $17) 44... Rd2 45. Rd3 (45. c4 $142) 45... Re2 46. Rf3 $2 (46. Rd8 {was necessary.}) 46... f4 47. Rd3 (47. Nd3 $142 Rxc2 48. Nxf4+ exf4 49. Rxf4) 47... Kf5 48. c4 (48. Rd8 $142 f3 49. Nd3) 48... Kg4 {( -> ...f3)} 49. Nc6 Ng3 50. Rd1 Kh3 {Precision: White = 37%, Black = 72%.} 0-1

[Event "16th IND-chT Women 2018"]
[Site "Patia"]
[Date "2018.02.08"]
[Round "1"]
[White "Yagna Priya Polisetty"]
[Black "Kulkarni Bhakti"]
[Result "0-1"]
[WhiteElo "1112"]
[BlackElo "2290"]
[Annotator "TA"]
[PlyCount "104"]
[EventDate "2018.??.??"]
[EventType "team-tourn"]
[EventCountry "IND"]
[SourceTitle "playchess.com"]
[Source "ChessBase"]
[SourceQuality "1"]

{[%evp 9,103,-217,-222,-388,-377,-369,-313,-313,-301,-333,-308,-364,-330,-384,-361,-437,-426,-429,-429,-406,-366,-378,-384,-381,-377,-378,-379,-352,-356,-347,-348,-345,-343,-350,-347,-436,-429,-452,-443,-443,-433,-418,-416,-492,-495,-599,-593,-599,-591,-877,-864,-839,-785,-957,-905,-1488,-1477,-5598,-5506,-5410,-2762,-5414,-5477,-5389,-2033,-5177,-2210,-5527,-5322,-29976,-29977,-29978,-29975,-29981,-29982,-29982,-29983,-29984,-29985,-29985,-29986,-29986,-29987,-29987,-29988,-29988,-29989,-29992,-29993,-29993,-29994,-29997,-29997,-29998,-29999,-29999]} 1. d4 Nf6 2. c4 c5 3. Nf3 e6 4. Bf4 (4. e3 b6 5. Nc3 d6 6. Bd3 g6 7. d5 exd5 8. cxd5 Bg7 9. e4 a6 10. a4 Bg4 11. h3 Bxf3 12. Qxf3 O-O 13. O-O Ne8 14. Bf4 {1-0 (52) Aronian,L (2799)-Hou,Y (2652) Tbilisi 2017}) 4... cxd4 5. Nxd4 {[#]} e5 $1 {[%cal Re5f4][%mdl 512]} 6. Bg3 $2 {E10: Blumenfeld-Gambit} (6. Bxe5 Qa5+ 7. Nc3 Qxe5 8. e3) 6... exd4 $19 7. Qxd4 Bb4+ 8. Nc3 {und wenn Lxb8 ginge, stände Weiss gut.Schwarz hat entscheidenden Vorteil.} Nc6 9. Qd3 O-O 10. e3 d5 11. Be2 dxc4 $146 ({Vorgänger:} 11... d4 12. exd4 Qxd4 {0-1 (31) Llado Tomas,M (1534)-Perez Prieto,G (1890) Palma de Mallorca 2012}) 12. Qxd8 Rxd8 13. Bxc4 Ne4 14. Rc1 Nxg3 15. hxg3 Ne5 16. Be2 Nd3+ 17. Bxd3 Rxd3 18. Ke2 Rd8 19. a3 Bxc3 20. Rxc3 Bd7 21. Rhc1 Rac8 22. Rxc8 Rxc8 (22... Bxc8 $2 23. Rc7 $19) 23. Rxc8+ Bxc8 {[%mdl 4096] Endspiel KL-KB} 24. Kd3 Kf8 25. Kd4 Ke7 26. Ke5 Bd7 27. f3 Bb5 28. g4 Bf1 29. g3 f6+ 30. Kd4 Be2 31. Ke4 Ke6 32. b3 b5 33. b4 a6 34. f4 Bxg4 35. Kd4 f5 36. Kc5 Bd1 37. Kc6 Kf6 38. Kd5 Kg6 39. Ke5 Bc2 {Schwarz setzt Matt.} 40. Ke6 Kh5 41. Kf7 Kg4 42. Kxg7 Kxg3 43. Kxh7 Kf3 44. Kg6 Kxe3 {KL-K3B} 45. Kg5 Kf3 46. Kh4 Kxf4 {KL-KBB} 47. Kh3 Ke3 48. Kg2 f4 {[%cal Bf5f4,Bf4f3,Bf3f2][%mdl 32]} 49. Kf1 f3 50. Ke1 f2+ 51. Kf1 Kf3 {[%cal Rc2d3]} 52. a4 Bd3# {Precision: Weiß = 26%, Schwarz = 88%.} 0-1

[Event "16th IND-chT Women 2018"]
[Site "Patia"]
[Date "2018.02.09"]
[Round "2"]
[White "Karavade, Eesha"]
[Black "Rindhiya, V.."]
[Result "1-0"]
[WhiteElo "2386"]
[BlackElo "1848"]
[Annotator "TA"]
[PlyCount "53"]
[EventDate "2018.??.??"]
[EventType "team-tourn"]
[EventCountry "IND"]
[SourceTitle "playchess.com"]
[Source "ChessBase"]
[SourceQuality "1"]

{[%evp 21,53,41,37,45,41,41,115,134,135,136,124,125,135,132,145,163,158,168,170,166,229,218,227,144,168,121,120,120,120,122,120,130,124,122]} 1. d4 d5 2. c4 e6 3. Nf3 Nf6 4. g3 Be7 5. Bg2 O-O 6. O-O b6 7. cxd5 exd5 8. Nc3 Bb7 9. Bf4 Nbd7 10. Rc1 c5 {E18: Queen's Indian: Old Main Line (4 g3 Bb7 5 Bg2 Be7 6 0-0 0-0 7 Nc3)} 11. dxc5 Nxc5 {LiveBook: 10 Games} 12. Nb5 (12. Nd4 Re8 13. b4 Nce4 14. Ncb5 Rc8 15. Nc7 Rf8 16. Bh3 Rb8 17. Na6 Bxa6 18. Nc6 Qe8 19. Nxb8 {1-0 (42) Repka,C (2414)-Barbot,P (2463) Zillertal 2015}) 12... Ne6 {White is slightly better.} 13. Be5 a6 $146 ({Better is} 13... Qd7 $14 14. Nc7 Rac8) ({Find the theoretical novelty and annotate with similar games:} 13... Ne4 14. Bd4 a6 15. Nc3 b5 16. a3 Nxd4 17. Nxd4 Bf6 18. e3 Re8 19. Rc2 {1-0 (59) Markus,M (1520)-Ciocan,A (1275) Mamaia 2017}) 14. Nc7 $16 Nxc7 15. Bxc7 Qd7 16. Bxb6 Qb5 17. Bd4 Rac8 18. Qd3 Qxd3 19. exd3 a5 20. Bh3 Rxc1 (20... Rc6 $142 21. Ne5 Rxc1 22. Rxc1 Bd6) 21. Rxc1 $18 {[#] Threatens to win with Rc7.} Ba6 22. Ne1 Bb4 23. Bc3 Bxc3 {White is better.} 24. Rxc3 Rb8 25. Rc6 Bb5 26. Rc8+ Rxc8 27. Bxc8 {Precision: White = 64%, Black = 56%.} 1-0

[Event "16th IND-chT Women 2018"]
[Site "Patia"]
[Date "2018.02.09"]
[Round "2"]
[White "Gomes, Mary Ann"]
[Black "Divya, Lakshmi R (C)"]
[Result "1/2-1/2"]
[WhiteElo "2329"]
[BlackElo "1926"]
[Annotator "TA"]
[PlyCount "85"]
[EventDate "2018.??.??"]
[EventType "team-tourn"]
[EventCountry "IND"]
[SourceTitle "playchess.com"]
[Source "ChessBase"]
[SourceQuality "1"]

{[%evp 23,85,0,0,-22,-12,-43,-34,-73,-7,-23,-27,-20,0,-10,-4,-20,7,0,4,-11,18,0,7,11,59,55,77,64,47,12,34,-58,42,14,69,50,26,29,43,0,66,0,17,0,0,-4,0,0,0,0,9,0,0,0,0,0,0,0,0,0,0,-34,-37,-39]} 1. Nf3 Nf6 2. c4 e6 3. g3 d5 4. b3 Be7 5. Bg2 O-O 6. Bb2 c5 7. e3 Nc6 8. O-O b6 9. d3 Bb7 10. Qe2 Qc7 11. Nc3 Rad8 12. Rfd1 Rfe8 {LiveBook: 7 Games. A14: English Opening: 1...e6 with b3 by White} 13. Qf1 $146 ({Predecessor:} 13. Rac1 Qb8 14. d4 cxd4 15. exd4 dxc4 16. bxc4 Na5 17. Nb1 Rc8 18. Nbd2 {0-1 (72) Kasimdzhanov,R (2702)-Eggleston,D (2399) London 2015}) 13... Qb8 14. Ne2 e5 15. a3 h6 (15... d4 $17 {Hoping for ...dxe3.} 16. e4 Na5) 16. cxd5 $1 $11 Nxd5 17. Nd2 Bf6 18. Be4 g6 19. Qg2 Nde7 20. g4 Bg7 21. Ng3 Na5 {Black wants to play ...Rxd3!} 22. b4 Bxe4 23. Ndxe4 cxb4 24. axb4 Nac6 25. b5 Nb4 26. Ra3 Nbd5 27. Rb3 (27. Rc1 $14) 27... Rc8 (27... Qc8 $1 $15 28. Nd2 Qxg4) 28. Ba3 {Threatens to win with Nd6.} Red8 (28... Rc2 $11 29. Qf3 Qc7) 29. g5 $1 $14 {Strongly threatening Qh3.} hxg5 30. Nxg5 {Black must now prevent Qh3.} Qc7 31. N3e4 Nf6 ({Better is} 31... Nf5 $11) 32. Qf3 (32. Qh3 $14 Nxe4 33. Qh7+ (33. Nxe4 Nd5 $11) 33... Kf8 34. Nxe4) 32... Ned5 33. Qh3 Qd7 34. Qh4 Qg4+ 35. Qxg4 Nxg4 36. h3 Ngf6 37. Bb2 Nxe4 38. dxe4 Nc7 39. Rc1 {aiming for Rbc3.} Ne8 40. Rxc8 $1 Rxc8 41. Rd3 Bf6 42. Nf3 Rc5 43. Rd5 {Precision: White = 28%, Black = 36%.} 1/2-1/2

[Event "16th IND-chT Women 2018"]
[Site "Patia"]
[Date "2018.02.09"]
[Round "2"]
[White "Kulkarni, Bhakti"]
[Black "Smaraki, Mohanty"]
[Result "0-1"]
[WhiteElo "2290"]
[BlackElo "1814"]
[Annotator "TA"]
[PlyCount "90"]
[EventDate "2018.??.??"]
[EventType "team-tourn"]
[EventCountry "IND"]
[SourceTitle "playchess.com"]
[Source "ChessBase"]
[SourceQuality "1"]

{[%evp 27,90,-10,-14,-79,-110,-90,-2,-4,8,14,0,-69,-27,-95,-91,-116,-130,-147,-145,-263,-260,-331,-308,-327,-216,-231,-210,-191,-195,-266,-243,-339,-278,-351,-348,-381,-391,-413,-414,-407,-402,-521,-435,-423,-404,-620,-587,-589,-557,-541,-510,-823,-791,-885,-920,-1226,-1189,-2308,-2268,-2035,-2036,-29985,-12806,-12806,-5285]} 1. d4 Nf6 2. c4 e6 3. Nc3 c5 4. d5 exd5 5. cxd5 d6 6. Nf3 g6 7. Bf4 a6 8. a4 Bg7 9. h3 O-O 10. e3 Re8 {A61: Modern Benoni: Nf3 without early e4} 11. Be2 Ne4 12. Nxe4 Rxe4 13. Nd2 {[%cal Bf3d2,Bd2c4,Bc4d6][%mdl 32]} Rb4 14. Nc4 Bxb2 {[#] LiveBook: 4 Games} 15. Rb1 $146 (15. Nxb2 $11 Rxb2 16. Rb1 Rxb1 17. Qxb1) ({Predecessor:} 15. Nxb2 Rxb2 16. O-O Qf6 17. Rb1 Rxb1 18. Qxb1 {1-0 (50) Khismatullin,D (2647)-Savchenko,B (2571) Khanty-Mansiysk 2012}) 15... Bc3+ $17 16. Kf1 Rxb1 (16... Nd7 $17 17. Nxd6 Be5) 17. Qxb1 $11 b5 18. Nxd6 Nd7 {[%cal Bb8d7,Bd7f6,Bf6d5,Bd5c3][%mdl 32]} 19. Qe4 ({Wrong is} 19. axb5 $2 axb5 20. Bd1 (20. Nxc8 $2 Qxc8 21. Qc2 Ra1+ 22. Bd1 Nf6 $19) 20... Ra1 $19) ({White should try} 19. Kg1 $11) 19... Nf6 20. Qd3 (20. Qf3 $1 $11 {remains equal.}) 20... Bb4 $17 {Strongly threatening ...c4.} 21. Nxc8 Rxc8 22. e4 c4 23. Qc2 (23. Qf3 $17) 23... Qe7 $19 24. Bf3 {[#]} Nxd5 $1 {[%mdl 512]} 25. Bc1 (25. exd5 Qe1#) 25... Re8 26. g3 Nc3 27. axb5 axb5 {And now ...Ra8 would win.} 28. Bd2 (28. Kg2 $142) 28... Na4 ({Weaker is} 28... Nxe4 29. Bxb4 Nxg3+ 30. fxg3 $17) 29. Bf4 Bd6 30. Bc1 Nb6 31. h4 b4 32. h5 b3 33. Qd2 Be5 34. Qa5 Qf6 35. Kg2 b2 36. Be3 (36. Qb5 $142 Rb8 37. Be3) 36... c3 {aiming for ...Nc4.} 37. Qb5 Rc8 38. Bg4 Ra8 {White must now prevent ...c2.} 39. f4 (39. Be2 $142 c2 40. Bd3) 39... Bd4 40. e5 Qd8 41. Bxd4 Qxd4 42. Rd1 c2 {( -> ...Qe4+)} 43. Rxd4 b1=Q 44. Qd3 c1=Q (44... Ra2 $142 45. Rd8+ Kg7 46. Be2 c1=Q 47. Qxb1 Qxb1 48. Kf3 Qh1+ 49. Ke3 Qe1 50. h6+ Kxh6 51. Kd4 Qf2+ 52. Kd3 Rxe2 53. Kc3 Qc5+ 54. Kb3 Qc4+ 55. Ka3 Qc3#) 45. Rd8+ {[#]} Kg7 $1 {Precision: White = 16%, Black = 63%.} 0-1